000 00773nam a2200229Ii 4500
003 JO-AjNU
008 230605s9999||||xx |||||||||||||| ||und||
017 _a19/4012
020 _a9960-32-073-1
040 _aJO-AjNU
_bara
_erda
_cJO-AjNU
041 _aara
050 1 4 _aBP839.H36 2000
100 3 _aحماد، نزيه,
_eauthor
_927855
245 0 0 _aمدى صحة تضمين يد الأمانة بالشرط في الفقه الإسلامي
250 _aط2
264 3 1 _aجدة: المعهد الاسلامي للبحوث والتدريب، 2000
300 _a66ص
336 _atext
_btxt
_2rdacontent
337 _aunmediated
_bn
_2rdamedia
338 _avolume
_bnc
_2rdacarrier
650 4 _aالضمانات- المعاملات- فقه اسلامي
_927856
999 _aA10734
_c14302
_d14302